[Event "AUTO-OPEN-4432"]
[Site "http://www.queenalice.com/game.php?id=1808295"]
[Date "2023.3.21"]
[Round "1"]
[White "ChessColossos"]
[Black "mitsho"]
[Result "0-1"]
[WhiteElo "1700"]
[BlackElo "2281"]

1. e4 c5 2. Nf3 Nc6 3. d4 cxd4 4. Nxd4 e5 5. Nxc6 bxc6 6. Nc3 Nf6 7. Bd3 d5 8.
exd5 cxd5 9. Bb5+ Bd7 10. Bg5 Bxb5 11. Nxb5 Qa5+ 12. Nc3 d4 13. Qf3 e4 14. Qe2
dxc3 15. Bxf6 cxb2+ 0-1

[Event "AUTO-OPEN-4432"]
[Site "http://www.queenalice.com/game.php?id=1808296"]
[Date "2023.3.21"]
[Round "1"]
[White "mitsho"]
[Black "ChessColossos"]
[Result "1-0"]
[WhiteElo "2284"]
[BlackElo "1820"]

1. d4 d5 2. c4 dxc4 3. Nc3 e6 4. e4 Nf6 5. Bxc4 Be7 6. Be3 O-O 7. Nf3 c6 8. O-O
b5 9. Bd3 Bb7 10. e5 Nd5 11. Nxd5 Qxd5 12. Qc2 g6 13. Be4 Qd8 14. Bh6 Re8 15.
Rfe1 Nd7 16. Rad1 Qc8 17. h4 f5 18. exf6 Nxf6 19. Bxg6 hxg6 20. Qxg6+ 1-0

[Event "AUTO-OPEN-4432"]
[Site "http://www.queenalice.com/game.php?id=1808310"]
[Date "2023.3.21"]
[Round "1"]
[White "mitsho"]
[Black "Eggchaser"]
[Result "1-0"]
[WhiteElo "2312"]
[BlackElo "1927"]

1. d4 Nf6 2. c4 c5 3. Nf3 cxd4 4. Nxd4 e6 5. Nc3 Bb4 6. g3 Nc6 7. Bg2 O-O 8. O-O
Bxc3 9. Nxc6 dxc6 10. bxc3 Qc7 11. Ba3 Rd8 12. Qb3 1-0

[Event "AUTO-OPEN-4382"]
[Site "http://www.queenalice.com/game.php?id=1808765"]
[Date "2023.3.27"]
[Round "2"]
[White "Artking"]
[Black "mitsho"]
[Result "0-1"]
[WhiteElo "1972"]
[BlackElo "2284"]

1. g4 e5 2. Bg2 d5 3. c4 d4 4. d3 Bxg4 5. Nd2 Nf6 6. Ne4 Bb4+ 7. Bd2 Bxd2+ 8.
Qxd2 Nxe4 9. Bxe4 c6 10. h4 Nd7 11. Bg2 O-O 12. Nf3 Qe7 13. Ng5 h6 14. Nh3 Qxh4
15. O-O-O f5 16. Nf4 Qxf2 17. Rdf1 Qe3 18. Qxe3 dxe3 19. Nh3 Bxe2 20. Ng1 Bxd3
21. b3 Bxf1 22. Bxf1 f4 23. Nf3 Rad8 24. Bh3 Nc5 25. Nxe5 Rd2 0-1

[Event "AUTO-OPEN-4382"]
[Site "http://www.queenalice.com/game.php?id=1808766"]
[Date "2023.3.27"]
[Round "2"]
[White "mitsho"]
[Black "Artking"]
[Result "1-0"]
[WhiteElo "2281"]
[BlackElo "1935"]

1. d4 Nf6 2. c4 g6 3. Nc3 Bg7 4. Nf3 d6 5. Bg5 Nbd7 6. e3 c6 7. Be2 O-O 8. O-O
h6 9. Bh4 e5 10. dxe5 dxe5 11. Bg3 Re8 12. h3 Nf8 13. Qxd8 Rxd8 14. Bxe5 Be6 15.
Rad1 N8d7 16. Bh2 Ne8 17. Nd4 Nc5 18. b4 Na6 19. a3 Nac7 20. Ne4 Bf5 21. Nc5 b6
22. Nxc6 Rxd1 23. Rxd1 bxc5 24. b5 Kf8 25. Bf3 Rc8 26. Nxa7 Ra8 27. Bxa8 Nxa8
28. Rd8 Ke7 29. Rxa8 1-0

[Event "AUTO-OPEN-4382"]
[Site "http://www.queenalice.com/game.php?id=1808775"]
[Date "2023.3.27"]
[Round "2"]
[White "mitsho"]
[Black "pomar"]
[Result "1/2-1/2"]
[WhiteElo "2306"]
[BlackElo "1934"]

1. d4 e6 2. c4 d5 3. Nc3 a6 4. Nf3 Bb4 5. e3 dxc4 6. Bxc4 b5 7. Bd3 Bb7 8. O-O
Nf6 9. a3 Bxc3 10. bxc3 Nc6 11. a4 Nd5 12. Qc2 h6 13. Bb2 Na7 14. axb5 axb5 15.
c4 Nb4 16. Qb3 Nxd3 17. Qxd3 bxc4 18. Qxc4 O-O 19. Rfc1 c6 20. Ba3 Re8 21. Bc5
Nb5 22. Ne5 Qd5 1/2-1/2

[Event "AUTO-OPEN-4382"]
[Site "http://www.queenalice.com/game.php?id=1808776"]
[Date "2023.3.27"]
[Round "2"]
[White "pomar"]
[Black "mitsho"]
[Result "0-1"]
[WhiteElo "1985"]
[BlackElo "2278"]

1. f3 d5 2. Kf2 e5 3. e3 Nf6 4. d4 exd4 5. exd4 Nc6 6. Bb5 Bd6 7. g3 O-O 8. Kg2
a6 9. Bxc6 bxc6 10. Ne2 c5 11. Bg5 cxd4 12. Qxd4 Bb7 13. Nbc3 c5 14. Qh4 Be7 15.
Rhe1 Rb8 16. b3 h6 17. Bxh6 Ne8 18. Qg4 Bc8 19. Qf4 Rb6 20. Bxg7 Nxg7 21. Rad1
d4 22. Na4 Rf6 23. Qd2 Bb7 24. Nf4 Bd6 25. Rf1 Bxf4 26. gxf4 Rg6+ 27. Kh1 Qd5
28. Qd3 Nh5 29. Rde1 Nxf4 30. Qe4 Qg5 31. Rg1 Bxe4 32. Rxg5 Bxf3+ 33. Kg1 Nh3+
34. Kf1 Rxg5 0-1

[Event "Challenge"]
[Site "http://www.queenalice.com/game.php?id=1808784"]
[Date "2023.3.27"]
[Round "-"]
[White "Magnaroc"]
[Black "mitsho"]
[Result "1-0"]
[WhiteElo "1885"]
[BlackElo "2313"]

1. e4 c5 2. Nf3 Nc6 3. c3 e5 4. Bc4 Nf6 5. Ng5 d5 6. exd5 Nxd5 7. Qh5 g6 8. Qf3
Qxg5 9. Bxd5 Nd8 10. O-O Qf5 11. Qe3 Bg7 12. Qxc5 Ne6 13. Qb5+ Bd7 14. Qxb7 Rd8
15. d3 O-O 16. Be4 Qh5 17. Qxa7 f5 18. Bf3 Qh4 19. a4 Bc8 20. a5 Rxd3 21. Be2
Rd7 22. Qb6 Rb7 23. Qd6 Rd8 24. Qc6 Rc7 25. Qa4 e4 26. a6 Be5 27. g3 Qf6 28. Be3
f4 29. a7 Bb7 30. Bb6 Kg7 31. Bxc7 Bxc7 32. Qb4 fxg3 33. fxg3 Qg5 34. Qxb7 Qe3+
35. Kh1 Qxe2 36. Qa6 Rd3 37. Nd2 Bxg3 38. hxg3 Qh5+ 39. Kg1 Rxd2 40. Rf2 Rxf2
41. Kxf2 Qf3+ 42. Ke1 e3 43. Qf1 Qxg3+ 44. Kd1 Nc7 45. Kc2 h5 46. Rd1 Qg4 47.
Rd8 Qa4+ 48. Kb1 Qxa7 49. Qf8+ Kh7 50. Qh8# 1-0

[Event "Challenge"]
[Site "http://www.queenalice.com/game.php?id=1808785"]
[Date "2023.3.27"]
[Round "-"]
[White "mitsho"]
[Black "Magnaroc"]
[Result "0-1"]
[WhiteElo "2291"]
[BlackElo "2063"]

1. d4 f5 2. g3 Nf6 3. Nf3 e6 4. Bg2 c6 5. O-O Be7 6. c4 d5 7. cxd5 cxd5 8. Nc3
Bd7 9. Bg5 Nc6 10. e3 Rc8 11. Ne2 h6 12. Bf4 O-O 13. Be5 Ne4 14. Nf4 g5 15. Ng6
Rf7 16. Nxe7+ Rxe7 17. Rc1 Be8 18. Rc2 g4 19. Nh4 Nxe5 20. Bxe4 Bb5 21. Rxc8
Qxc8 22. Re1 dxe4 23. dxe5 Rd7 24. Qb3 Qc4 25. Qxc4 Bxc4 26. b3 Bb5 27. Ng6 Kf7
28. Nf4 Rd2 29. a4 Bd3 30. Rc1 Bc2 31. a5 Ke7 32. b4 Kd7 33. h3 gxh3 34. Nxh3
Bd1 35. Nf4 Bf3 36. Rb1 Ra2 37. Ng6 Ra3 38. Nf8+ Ke7 39. Ng6+ Ke8 40. Kh2 Ra2
41. Kg1 Ra3 42. Nf4 Kd7 43. Kf1 Ra2 44. Ke1 Rc2 45. b5 Rc5 46. a6 b6 47. Rb4
Rxe5 48. Rd4+ Kc7 49. Rc4+ Kd7 50. Rd4+ Ke8 51. Rd6 Rxb5 52. Rxe6+ Kd8 53. Rxh6
Rb1+ 54. Kd2 Ra1 55. Ne6+ Kd7 56. Nd4 Rxa6 57. Nxf5 Ra2+ 58. Ke1 a5 59. Rxb6
Re2+ 60. Kf1 a4 61. Ra6 Rd2 62. Ra7+ Kd8 63. Ra8+ Kc7 64. Ra7+ Kb6 0-1

[Event "AUTO-OPEN-4415"]
[Site "http://www.queenalice.com/game.php?id=1811055"]
[Date "2023.5.2"]
[Round "2"]
[White "mitsho"]
[Black "LMP1989"]
[Result "1-0"]
[WhiteElo "2292"]
[BlackElo "2117"]

1. e4 e6 2. d4 d5 3. e5 c5 4. c3 Nc6 5. Nf3 Qb6 6. Be2 cxd4 7. cxd4 Bb4+ 8. Nc3
Nge7 9. O-O O-O 10. Na4 Qc7 11. a3 Ba5 12. b4 Bb6 13. Nxb6 Qxb6 14. Bd3 h6 15.
b5 Nd8 16. a4 f6 17. Ba3 Qc7 18. Rc1 Qd7 19. exf6 Rxf6 20. Ne5 Qe8 21. Rc7 Nf5
22. Be2 g6 23. Qc1 Nxd4 24. Qxh6 Nxe2+ 25. Kh1 Nf7 26. Nxf7 1-0

[Event "AUTO-OPEN-4415"]
[Site "http://www.queenalice.com/game.php?id=1811056"]
[Date "2023.5.2"]
[Round "2"]
[White "LMP1989"]
[Black "mitsho"]
[Result "0-1"]
[WhiteElo "2132"]
[BlackElo "2285"]

1. d4 d5 2. c4 c6 3. Nf3 Nf6 4. Nc3 e6 5. e3 Nbd7 6. Bd3 Bb4 7. O-O O-O 8. a3
Bxc3 9. bxc3 Nb6 10. cxd5 exd5 11. Qc2 Re8 12. a4 Nc4 13. Bxc4 dxc4 14. Ne5 Be6
15. Ba3 Nd7 16. Nxd7 Qxd7 17. a5 Bd5 18. Rae1 Be4 19. Qd2 Bd3 20. Rd1 Bxf1 21.
Rxf1 b6 22. axb6 axb6 23. Bb4 c5 0-1

[Event "AUTO-OPEN-4415"]
[Site "http://www.queenalice.com/game.php?id=1811057"]
[Date "2023.5.2"]
[Round "2"]
[White "mitsho"]
[Black "mennecy91"]
[Result "1-0"]
[WhiteElo "2299"]
[BlackElo "2122"]

1. e4 c6 2. d4 d5 3. e5 Qc7 4. c4 Bf5 5. Nc3 e6 6. Nf3 Bb4 7. Be2 Ne7 8. O-O O-O
9. c5 Bxc3 10. bxc3 h6 11. c4 dxc4 12. Bxc4 Nd5 13. Nh4 Bh7 14. f4 b5 15. Bxd5
cxd5 16. f5 exf5 17. Nxf5 Bxf5 18. Rxf5 Nc6 19. Qg4 Kh7 20. Bxh6 gxh6 21. Raf1
Rae8 22. Qh5 Re7 23. Rf6 Kg8 24. Rxh6 f5 25. Rh8+ Kg7 26. Qh7# 1-0

[Event "AUTO-OPEN-4415"]
[Site "http://www.queenalice.com/game.php?id=1811058"]
[Date "2023.5.2"]
[Round "2"]
[White "mennecy91"]
[Black "mitsho"]
[Result "0-1"]
[WhiteElo "2125"]
[BlackElo "2306"]

1. c4 Nf6 2. Nc3 g6 3. g3 Bg7 4. Bg2 O-O 5. d3 d6 6. h3 c5 7. e4 Nc6 8. Nge2 a6
9. Be3 Rb8 10. O-O b5 11. Qd2 Bb7 12. f4 b4 13. Nd5 Nd7 14. Bf2 e6 15. Ne3 a5
16. Rad1 Nd4 17. b3 e5 18. Nxd4 cxd4 19. Nd5 Bxd5 20. exd5 Nc5 21. g4 a4 22. Rb1
axb3 23. axb3 f5 24. g5 exf4 25. h4 Re8 26. Qd1 h6 27. gxh6 Bxh6 28. Qf3 Qf6 29.
Rfe1 Re5 30. Rxe5 dxe5 31. Qe2 e4 32. dxe4 fxe4 33. Bxe4 Re8 0-1

[Event "AUTO-OPEN-4415"]
[Site "http://www.queenalice.com/game.php?id=1811059"]
[Date "2023.5.2"]
[Round "2"]
[White "mitsho"]
[Black "xadreco5"]
[Result "1/2-1/2"]
[WhiteElo "2261"]
[BlackElo "2329"]

1. d4 d5 2. Bf4 Nc6 3. e3 Nf6 4. Nf3 e6 5. c4 Ne4 6. Nfd2 Nxd2 7. Nxd2 Bd6 8.
Bxd6 cxd6 9. cxd5 Ne7 10. dxe6 fxe6 11. Bb5+ Bd7 12. Qa4 a6 13. Bxd7+ Qxd7 14.
Qb3 Rc8 15. O-O Nd5 16. Rac1 O-O 17. Ne4 h6 18. h3 Rc6 19. Rxc6 Qxc6 20. a3 Rc8
21. Nc3 Kf7 22. Ne2 Qc4 23. Qxc4 Rxc4 24. Rc1 Nb6 25. b3 Rxc1+ 26. Nxc1 a5 27.
a4 e5 28. dxe5 dxe5 29. Nd3 Nd7 30. g4 e4 31. Nb2 Nc5 32. f4 exf3 33. Kf2 Nxb3
34. Kxf3 Nc5 35. e4 Ke7 36. h4 g5 37. hxg5 hxg5 38. Nc4 Nxa4 39. Nxa5 Nc5 40.
Ke3 b6 41. Nc6+ Kd6 42. Nd4 Ne6 43. Nb3 Kc6 44. Nd2 Nc5 45. Kd4 Nd7 46. Nf3 Nf6
47. Nxg5 Nxg4 48. Nf3 Kd6 49. e5+ 1/2-1/2

[Event "AUTO-OPEN-4415"]
[Site "http://www.queenalice.com/game.php?id=1811060"]
[Date "2023.5.2"]
[Round "2"]
[White "xadreco5"]
[Black "mitsho"]
[Result "1-0"]
[WhiteElo "2318"]
[BlackElo "2272"]

1. d4 d5 2. c4 c6 3. Nc3 Nf6 4. cxd5 cxd5 5. Bf4 Nc6 6. e3 e6 7. Nf3 Bd6 8. Be2
O-O 9. Bxd6 Qxd6 10. O-O b6 11. a3 Bb7 12. Bd3 Na5 13. Qe2 Rfc8 14. Rac1 Ne4 15.
Bxe4 dxe4 16. Ng5 Qe7 17. Ngxe4 Rc7 18. Rfd1 Rac8 19. Nd2 e5 20. Qg4 f6 21. d5
Qf7 22. e4 Ba6 23. f4 exf4 24. Qxf4 Nc4 25. Nxc4 Rxc4 26. Rd3 Re8 27. Rdd1 Re5
28. h3 h6 29. h4 Qe8 30. Qg3 Bb7 31. Rf1 Kh7 32. Rcd1 Qd7 33. Rf3 a5 34. b3 Rc5
35. Re3 Ba6 36. a4 b5 37. axb5 Bxb5 38. Nxb5 Rxb5 39. d6 Rb6 40. Red3 Rxe4 41.
Rc1 Rb7 42. Rc7 Rxc7 43. dxc7 Qc6 44. Rc3 1-0

[Event "Challenge"]
[Site "http://www.queenalice.com/game.php?id=1811760"]
[Date "2023.5.12"]
[Round "-"]
[White "naugard47"]
[Black "mitsho"]
[Result "0-1"]
[WhiteElo "1775"]
[BlackElo "2290"]

1. e4 e5 2. Bc4 Nf6 3. Nc3 Nxe4 4. Nxe4 d5 5. d4 dxc4 6. dxe5 Qxd1+ 7. Kxd1 Nc6
8. Bf4 Bf5 9. f3 Bxe4 10. fxe4 O-O-O+ 11. Ke1 Nb4 12. Rd1 Nxc2+ 13. Ke2 Bc5 14.
Nf3 f6 15. g4 Nd4+ 16. Nxd4 Rxd4 17. Rxd4 Bxd4 18. exf6 Bxf6 19. e5 Bxe5 20. Bc1
Re8 21. Kd2 b5 22. Kc2 Rf8 23. Kb1 a5 24. a3 b4 25. a4 Rf2 26. h3 b3 27. Rd1 c5
28. Rd2 Rf3 29. Re2 Bd4 30. h4 Kd7 31. Rd2 Kc6 32. Re2 Kd6 33. Bd2 Bf2 34. Bxa5
Bxh4 35. Bd2 Rf1+ 36. Bc1 Bg5 0-1

[Event "Challenge"]
[Site "http://www.queenalice.com/game.php?id=1814372"]
[Date "2023.6.19"]
[Round "-"]
[White "JORAM2205"]
[Black "mitsho"]
[Result "0-1"]
[WhiteElo "2279"]
[BlackElo "2263"]

1. e4 e5 2. Bc4 Nc6 3. Nc3 Nf6 4. f4 Bc5 5. fxe5 Nxe5 6. Bb5 O-O 7. d4 Nxe4 8.
Nxe4 Qh4+ 9. Ng3 Bxd4 10. Ne2 Bb6 11. Qd5 d6 12. Bf4 c6 13. Qxd6 Re8 14. O-O-O
cxb5 15. Bxe5 Bg4 16. Kb1 Bxe2 17. Nxe2 Rad8 18. Bf6 Rxd6 19. Bxh4 Rxd1+ 20.
Rxd1 Rxe2 21. Re1 Rxe1+ 22. Bxe1 g5 23. g4 Kg7 24. b3 Kg6 25. h4 gxh4 26. Bxh4
f5 27. gxf5+ Kxf5 28. Kb2 Kg4 29. Bf6 h5 30. b4 Be3 31. Kb3 Bg5 32. Bd4 a6 33.
Be5 h4 34. Bb8 h3 35. Bh2 Bf4 36. Bg1 Kg3 37. c4 Kg2 38. Bb6 h2 39. cxb5 axb5
40. a4 bxa4+ 0-1

[Event "AUTO-OPEN-4432"]
[Site "http://www.queenalice.com/game.php?id=1815182"]
[Date "2023.6.29"]
[Round "2"]
[White "LMP1989"]
[Black "mitsho"]
[Result "1-0"]
[WhiteElo "2141"]
[BlackElo "2275"]

1. d4 d5 2. c4 e6 3. Nc3 Nf6 4. Bg5 Be7 5. e3 O-O 6. Nf3 c5 7. Bd3 Nc6 8. O-O
cxd4 9. exd4 Nd7 10. Bxe7 Qxe7 11. Re1 a6 12. cxd5 Nd8 13. dxe6 Nxe6 14. d5 Ndc5
15. dxe6 Bxe6 16. Bc2 Rad8 17. Qe2 Qc7 18. Rad1 Rxd1 19. Rxd1 b5 20. Nd4 Bc4 21.
Qh5 g6 22. Qf3 b4 23. Nd5 a5 24. Nxc7 1-0

[Event "AUTO-OPEN-4432"]
[Site "http://www.queenalice.com/game.php?id=1815183"]
[Date "2023.6.29"]
[Round "2"]
[White "mitsho"]
[Black "LMP1989"]
[Result "1-0"]
[WhiteElo "2259"]
[BlackElo "2157"]

1. d4 Nf6 2. c4 e6 3. Nf3 Bb4+ 4. Bd2 Qe7 5. Nc3 O-O 6. e3 c5 7. Bd3 d5 8. O-O
Nc6 9. a3 Bxc3 10. Bxc3 dxc4 11. Bxc4 cxd4 12. Nxd4 Nxd4 13. Qxd4 Rd8 14. Qe5
Bd7 15. Rad1 Bc6 16. f3 Rxd1 17. Rxd1 Rd8 18. Rc1 Bd5 19. Bxd5 Rxd5 20. Qb8+ Rd8
21. Qxa7 Nd5 22. Ba5 Re8 23. e4 Qg5 24. Qc5 Qe3+ 25. Qxe3 Nxe3 26. Kf2 1-0

[Event "AUTO-OPEN-4432"]
[Site "http://www.queenalice.com/game.php?id=1815188"]
[Date "2023.6.29"]
[Round "2"]
[White "mitsho"]
[Black "Takeda"]
[Result "0-1"]
[WhiteElo "2268"]
[BlackElo "2017"]

1. e4 g6 2. d4 Bg7 3. Nc3 d6 4. Nf3 Bg4 5. Be2 Nf6 6. O-O O-O 7. h3 Bxf3 8. Bxf3
Nc6 9. Bg5 e5 10. d5 Nd4 11. a4 c6 12. Qd3 c5 13. b3 b6 14. Bd1 Qd7 15. Nb1 b5
16. Bxf6 Bxf6 17. c3 Nxb3 18. Bxb3 c4 19. Qc2 cxb3 20. Qxb3 bxa4 21. Rxa4 Rfc8
22. c4 Rab8 23. Qa2 Rb7 24. Nc3 Bd8 25. Ra1 a5 26. Nb5 Bb6 27. Qa3 Bc5 28. Qc3
Rxb5 29. cxb5 Bxf2+ 30. Kxf2 Rxc3 31. Rxa5 Rb3 32. Kg1 Rxb5 33. Ra7 Rb7 34. Ra8+
Kg7 35. g4 Rb2 36. R1a7 Qb5 37. Ra5 Qe2 0-1

[Event "AUTO-OPEN-4432"]
[Site "http://www.queenalice.com/game.php?id=1815189"]
[Date "2023.6.29"]
[Round "2"]
[White "Takeda"]
[Black "mitsho"]
[Result "0-1"]
[WhiteElo "2069"]
[BlackElo "2248"]

1. e4 e5 2. Nf3 Nc6 3. d4 exd4 4. Nxd4 Bc5 5. Nxc6 bxc6 6. Bc4 Nf6 7. Bg5 O-O 8.
Nc3 Bb7 9. Qf3 h6 10. Bxf6 Qxf6 11. Qxf6 gxf6 12. O-O-O d6 13. Kb1 Rad8 14. f3
Rfe8 15. a4 h5 16. a5 Bb4 17. a6 Ba8 18. Na2 c5 19. c3 Ba5 20. b4 cxb4 21. cxb4
Bxb4 22. Nxb4 Rb8 23. Kc2 Rxb4 24. Kc3 Reb8 25. Rd2 Bc6 26. Ra1 Kg7 27. Ra5 Kg6
28. Bd5 Bxd5 29. Rdxd5 Rb3+ 30. Kc2 Rb2+ 31. Kc3 Rxg2 32. Rxh5 Rg5 33. Rhxg5+
fxg5 34. Ra4 f5 35. Rc4 c5 36. e5 dxe5 37. Rxc5 Kf6 38. Rc6+ Ke7 39. Rc7+ Kd6
40. Rxa7 Rc8+ 41. Kd3 Rh8 42. Rg7 Rxh2 43. Rxg5 e4+ 44. fxe4 fxe4+ 45. Kxe4 Ra2
46. Kd4 Kc7 47. Kc5 Ra5+ 0-1